Relationship Banking - využívání data warehouse pro udržení klientů a zvýšení ziskovosti banky

Poskytovanie bankových služieb a produktov novými formami. Pre udržanie súčasných klientov a získanie ďalších je dôležitá ponuka nových alebo inovovaných služieb a produktov prispôsobených konkrétnym podmienkam, spolu s využívaním moderných distribučných kanálov.

Salvato in:
Dettagli Bibliografici
Autore principale: Meltzer, Michael
Natura: Capitolo di libro
Lingua:ceco
Soggetti:
Tags: Aggiungi Tag
Nessun Tag, puoi essere il primo ad aggiungerne!!

MARC

LEADER 00000naa a2200000 4500
001 r033754
005 20230908085356.9
041 0 |a cze 
044 |a CZ 
245 1 0 |a Relationship Banking - využívání data warehouse pro udržení klientů a zvýšení ziskovosti banky  |c Michael Meltzer 
520 |a Poskytovanie bankových služieb a produktov novými formami. Pre udržanie súčasných klientov a získanie ďalších je dôležitá ponuka nových alebo inovovaných služieb a produktov prispôsobených konkrétnym podmienkam, spolu s využívaním moderných distribučných kanálov. 
610 2 0 |a služby bankové 
610 2 0 |a klienti 
610 2 0 |a konkurencia 
610 2 0 |a zisk 
610 2 0 |a marketing 
610 2 0 |a sklad dát 
100 1 |a Meltzer, Michael